000
00319nam a22001337a 4500
003
OSt
005
20170105103447.0
008
131204t xxu||||| |||| 00| 0 eng d
020
_a
978-1-4180-2103-0
040
_c
ASAB
100
_a
Janet Amundson Romich
_9
406
245
_a
Understanding Zoonotic Diseases
942
_2
ddc
_c
BK
999
_c
16678
_d
16678